01378nam a22003737a 450000100090000000300040000900500170001300800410003001000170007102000350008802000400012303500130016304000280017604200080020405000210021210000240023324500920025725000120034926000300036130000400039133600260043133700280045733800270048550400640051265000210057670000200059770000230061785600880064085600740072890600450080294200150084799900150086295201270087712082467OSt20260224072514.0260224b |||||||| |||| 00| 0 eng d a 00043552  a0471295027qcloth : alk. paper a9780471295020q(cloth : alk. paper) a12082467 aKMUcKMUdKMUbengerda apcc00aQL751b.G59 20011 aGoodenough, Judith.10aPerspectives on animal behavior /cJudith Goodenough, Betty McGuire, Robert A. Wallace. a2nd ed. aNew York :bWiley,c2001. axiv, 542 p. :bill., maps ;c29 cm. atextbtxt2rdacontent aunmediatedbn2rdamedia avolumebnc2rdacarrier aIncludes bibliographical references (p. 479-527) and index. 0aAnimal behavior.1 aMcGuire, Betty.1 aWallace, Robert A.423Publisher descriptionuhttp://www.loc.gov/catdir/description/wiley034/00043552.html4 3Table of Contentsuhttp://www.loc.gov/catdir/toc/onix05/00043552.html a7bcbccorignewd1eocipf20gy-gencatlg 2lcccBKn0 c2566d2566 00102lcc40708NFICaCPLbCPLcOAd2026-02-24eDonationl0oQL751. G59. Goop301462r2026-02-24 00:00:00w2026-02-24yBK